Statistics for Cities with the Most International Tourists

Click here to take the quiz!

General Stats

  • This quiz has been taken 27,010 times
    (14,426 since last reset)
  • The average score is 47 of 70

Answer Stats

# City % Correct
3London
99%
27Los Angeles
98%
6Paris
98%
8New York City
98%
43Madrid
97%
15Rome
97%
14Tokyo
97%
55Sydney
96%
46Dublin
96%
48Moscow
96%
22Miami
94%
31Barcelona
93%
62Lisbon
93%
36Berlin
93%
23Amsterdam
92%
49Athens
91%
24Seoul
90%
54Beijing
90%
28Las Vegas
89%
12Istanbul
88%
50Cairo
88%
7Dubai
88%
52Toronto
87%
70Brussels
87%
59St. Petersburg
86%
13Delhi
86%
32Milan
83%
2Bangkok
83%
19Mumbai
83%
26Shanghai
82%
63Jerusalem
81%
41Venice
81%
38Johannesburg
81%
34Vienna
80%
44Orlando
80%
1Hong Kong
80%
4Singapore
80%
60Jakarta
78%
20Prague
77%
56Munich
76%
57Budapest
73%
17Taipei
72%
47Florence
70%
9Kuala Lumpur
67%
39Ho Chi Minh City
66%
30Osaka
66%
51Hanoi
66%
21Mecca
65%
40Riyadh
63%
67Kyoto
59%
35CancĂșn
59%
18Guangzhou
53%
33Denpasar
47%
5Macau
41%
45Chennai
41%
69Phnom Penh
41%
11Phuket
33%
29Agra
33%
10Shenzhen
32%
16Antalya
26%
68Heraklion
22%
58Punta Cana
19%
42Jaipur
18%
64Chiang Mai
18%
25Pattaya
13%
61Dammam
10%
66Penang
10%
37Johor Bahru
8%
53Ha Long
6%
65Zhuhai
5%

Score Distribution

Percentile by Number Answered

Percent of People with Each Score

Your Score History

You have not taken this quiz since the last reset